000 01332nam0a2200337 4500
001 RU\NLR\BIBL_A\022322334
005 20260420014549.0
010 _a978-5-4335-1139-2
_92000
021 _aRU
_bКН-П-24-045146
_9КН-П-24-4494
035 _a(NLR Aleph) 022322334
090 _a13665102
_c13665102
100 _a20240913d2024 c y0rusy50 ca
101 1 _arus
_cger
102 _aRU
105 _aac z 000ay
181 0 _ab3
_bbb2e
181 0 _ai2
_baxxe
182 0 _an
200 1 _aПушистый ангел
_e[сказка
_eдля детей младшего школьного возраста]
_fМарайке Аммерскен
_g[перевод с немецкого Ольги Мяэотс]
_gиллюстрации Марайке Аммерскен
203 _aИзображение
_aТекст
_bвизуальные
_cнепосредственные
210 _aМосква
_cНигма
_d2024
215 _a[40] с.
_cцв. ил., портр.
_d28
333 _a6+
686 0 _aШ9(4Г)60-4
700 1 _7ca
_8rus
_aАммерскен
_bМ.
_f1992-
_gМарайке
_92642188
_3RU\NLR\AUTH\770272311
942 _cBOOK
980 _aNB